The Last of Us II Knowledge Quiz - Statistics

General Stats
  • This quiz has been taken 576 times
  • The average score is 8 of 15
Answer Stats
Hint Answer % Correct
town Ellie and Joel live in at the beginning of the game Jackson
89%
name of Dina and Jesse's son JJ
79%
place where Abby goes to find Owen The Aquarium
78%
animal Ellie herds on the farm Sheep
77%
organism composed of multiple stalkers, clickers and a bloater The Rat King
73%
signature weapon of Ellie Switchblade
64%
girl who gave Ellie her tattoo/Ellie's ex-girlfriend Cat
63%
what the W.L.F. call the Seraphites Scars
63%
father of Abby who is killed by Joel Dr. Jerry Anderson
55%
place Ellie and Dina use as a hideout in Seattle The Pinnacle Theater
53%
girl Ellie looks for in the TV station Leah
38%
another fourth stage of infected encountered in Seattle and Santa Barbara Shamblers
34%
(now dead) leader of the Seraphite cult The Prophet
19%
name of the Firefly group stationed in Saint Mary's Hospital The Salt Lake Crew
11%
last known location of a Firefly base Catalina Island
10%
No matching quizzes found
Score Distribution
Percent of People with Each Score
Percentile by Number Answered
Your Score History
You have not taken this quiz